Sanz del Río en la Universidad Central (Record no. 53962)

MARC details
000 -LEADER
campo de control de longitud fija 00953nam a2200277 i 4500
001 - NÚMERO DE CONTROL
campo de control 53962
003 - IDENTIFICADOR DE NÚMERO DE CONTROL
campo de control ES-MaACL
005 - FECHA Y HORA DE LA ÚLTIMA TRANSACCIÓN
campo de control 20231227143752.0
007 - CAMPO FIJO DE DESCRIPCIÓN FÍSICA--INFORMACIÓN GENERAL
campo de control de longitud fija t|
008 - DATOS DE LONGITUD FIJA--INFORMACIÓN GENERAL
campo de control de longitud fija 031119s2001 sp ||||0| spa d
020 ## - NÚMERO INTERNACIONAL ESTÁNDAR DEL LIBRO
Número Internacional Estándar del Libro 84-7491-641-0
040 ## - FUENTE DE CATALOGACIÓN
Centro catalogador/agencia de origen M-BN
Lengua de catalogación spa
Centro/agencia transcriptor M-BN
080 ## - NÚMERO DE LA CLASIFICACIÓN DECIMAL UNIVERSAL
Número de la Clasificación Decimal Universal 1 Sanz del Río, Julián
080 ## - NÚMERO DE LA CLASIFICACIÓN DECIMAL UNIVERSAL
Número de la Clasificación Decimal Universal 929 Sanz del Río, Julián
100 1# - ENTRADA PRINCIPAL--NOMBRE DE PERSONA
Nombre de persona Orden Jiménez, Rafael V.
9 (RLIN) 87179
245 10 - MENCIÓN DEL TÍTULO
Título Sanz del Río en la Universidad Central
Resto del título : los años de formación (1837-1854) /
Mención de responsabilidad, etc. Rafael V. Orden Jiménez.
260 ## - PUBLICACIÓN, DISTRIBUCIÓN, ETC.
Lugar de publicación, distribución, etc. Madrid :
Nombre del editor, distribuidor, etc. Editorial Complutense,
Fecha de publicación, distribución, etc. [2001]
300 ## - DESCRIPCIÓN FÍSICA
Extensión 215 p ;
Dimensiones 24 cm.
490 1# - MENCIÓN DE SERIE
Mención de serie Philosophica Complutensia ;
Designación de volumen o secuencia 16
500 ## - NOTA GENERAL
Nota general Incluye (p. 127-206) anexo documental.
504 ## - NOTA DE BIBLIOGRAFÍA, ETC.
Nota de bibliografía, etc. Bibliografía: p. 207-210. Indice.
600 14 - PUNTO DE ACCESO ADICIONAL DE MATERIA--NOMBRE DE PERSONA
Nombre de persona Sanz del Río, Julián,
Fechas asociadas al nombre 1814-1869
9 (RLIN) 132463
830 0# - PUNTO DE ACCESO ADICIONAL DE SERIE-TÍTULO UNIFORME
Título uniforme Philosophica Complutensia ;
Designación de volumen o secuencia 16
9 (RLIN) 182478
852 ## - LOCALIZACIÓN
Ubicación ES-MaACL
Número de control de estantería L-26728
Sublocalización o colección R.131433
Holdings
Estatus retirado Estado de pérdida Estado de daño No para préstamo Biblioteca de origen Biblioteca actual Ubicación en estantería Fecha de adquisición Fuente de adquisición Total de préstamos Signatura topográfica completa Código de barras Visto por última vez Precio de reemplazo Tipo de ítem Koha
        Biblioteca del Ateneo de Madrid Biblioteca del Ateneo de Madrid Depósito 2 17/01/2008     L-26728 1056713 23/02/2023 23/02/2023 Libro impreso